LEADER 01069nam a2200277 i 4500 001 991003822509707536 005 20030103110612.0 008 020924s2001 it ||| | ita 020 $a8846429125 035 $ab11869409-39ule_inst 035 $aPRUMB65767$9ExL 040 $aDip.to SSSC$bita 082 0 $a300.72 100 1 $aDi Franco, Giovanni$0145641 245 10$aEDS :$besplorare, descrivere e sintetizzare i dati :$bguida pratica all'analisi dei dati nella ricerca sociale /$cGiovanni Di Franco 260 $aMilano :$bAngeli,$c2001 300 $a255 p. ;$c23 cm + 1 CD-ROM 440 3$aIl riccio e la volpe. Studi, ricerche e percorsi di sociologia ;$v1315.1 650 4$aScienze sociali$xMetodi di ricerca 650 4$aScienze sociali - Ricerche$xMetodo 907 $a.b11869409$b21-09-06$c03-01-03 912 $a991003822509707536 945 $aLE021 DI9BISA32$g1$i2021000049682$lle021$o-$pE0.00$q-$rl$s- $t0$u4$v5$w4$x0$y.i12122749$z03-01-03 996 $aEDS$9507528 997 $aUNISALENTO 998 $ale021$b01-01-02$cm$da $e-$fita$git $h0$i1 LEADER 02050oam 2200613I 450 001 9910704475103321 005 20131030085346.0 035 $a(CKB)5470000002440942 035 $a(OCoLC)858919409 035 $a(EXLCZ)995470000002440942 100 $a20130925d2012 ua 0 101 0 $aeng 135 $aurcn||||||||| 181 $ctxt$2rdacontent 182 $cc$2rdamedia 183 $acr$2rdacarrier 200 10$aUniform foam crush testing for multi-mission earth entry vehicle impact attenuation /$fByron W. Patterson and Louis J. Glaab 210 1$aHampton, Virginia :$cNational Aeronautics and Space Administration, Langley Research Center,$d[2012] 215 $a1 online resource (iii, 31 pages) $cillustrations 225 1 $aNASA/TM 2012-217763 300 $aTitle from title screen (viewed Sept. 25, 2013). 300 $a"September 2012." 320 $aIncludes bibliographical references (pages 29-30). 606 $aAtmospheric entry$2nasat 606 $aBlunt bodies$2nasat 606 $aFoams$2nasat 606 $aCrushing$2nasat 606 $aEarth surface$2nasat 606 $aMechanical properties$2nasat 606 $aDrop towers$2nasat 606 $aDrop tests$2nasat 606 $aAttenuators$2nasat 606 $aMars sample return missions$2nasat 615 7$aAtmospheric entry. 615 7$aBlunt bodies. 615 7$aFoams. 615 7$aCrushing. 615 7$aEarth surface. 615 7$aMechanical properties. 615 7$aDrop towers. 615 7$aDrop tests. 615 7$aAttenuators. 615 7$aMars sample return missions. 700 $aPatterson$b Byron W.$01405411 702 $aGlaab$b Louis J. 712 02$aUnited States.$bNational Aeronautics and Space Administration, 712 02$aLangley Research Center, 801 0$bGPO 801 1$bGPO 801 2$bGPO 906 $aBOOK 912 $a9910704475103321 996 $aUniform foam crush testing for multi-mission earth entry vehicle impact attenuation$93481819 997 $aUNINA